Aktuální trendy pro rozvoj ekonomiky a podnikání v EU sborník příspěvků I. mezinárodní vědecké konference : 14. – 15. října 2010 Karviná
Gespeichert in:
| Körperschaft: | |
|---|---|
| Weitere Verfasser: | , |
| Format: | Buch |
| Sprache: | Tschechisch Slowakisch Englisch |
| Veröffentlicht: |
Karviná
Katedra účetnictví Obchodně podnikatelské fakulty v Karviné SU v Opavě
2010
|
| Schlagworte: | |
| Tags: |
Keine Tags, Fügen Sie das erste Tag hinzu!
|
MARC
| LEADER | 00000nlm$a2200000$$$4500 | ||
|---|---|---|---|
| 001 | 0132439 | ||
| 005 | 20240509105349.5 | ||
| 020 | |a 978-80-7248-631-1 | ||
| 041 | 0 | |a cze | |
| 041 | 0 | |a slo | |
| 041 | 0 | |a eng | |
| 044 | |a CZ | ||
| 245 | 1 | 0 | |a Aktuální trendy pro rozvoj ekonomiky a podnikání v EU |b sborník příspěvků I. mezinárodní vědecké konference : 14. – 15. října 2010 Karviná |c Editori: Jana Janoušková, Miroslava Snopková |
| 264 | 1 | |a Karviná |b Katedra účetnictví Obchodně podnikatelské fakulty v Karviné SU v Opavě |c 2010 | |
| 300 | |a CD-ROM [626 s.] | ||
| 610 | 2 | 0 | |a rozvoj hospodársky |
| 610 | 2 | 0 | |a rozvoj podniku |
| 610 | 2 | 0 | |a podnikanie |
| 610 | 2 | 0 | |a Európska únia |
| 700 | 1 | |a Janoušková, Jana | |
| 700 | 1 | |a Snopková, Miroslava | |
| 110 | 2 | |a Aktuální trendy pro rozvoj ekonomiky a podnikání v EU. Mezinárodní vědecká konference | |